LEADER 01572nam a2200337 i 4500 001 000000175253 003 CaOOAMICUS 005 20081113000000.0 008 081113s2008 it u000 u ita u 013 $a152730 020 $a978-88-17-02358-0 040 $aSeMil$bita 100 1 $aGiussani, Luigi,$c.$0(OLS)http://semarc/name/1272 245 10$aUomini senza patria :$b1982-1983 /$cLuigi Giussani ; prefazione di Julián Carrón. 260 $aMilano :$bBiblioteca Universale Rizzoli,$c2008. 300 $aVI, 406 p. ;$c21 cm. 490 0 $aI libri dello spirito cristiano 490 0 $aL'equipe : i libri di Luigi Giussani ;$v3 500 $aDono del card. Dionigi Tettamanzi. 650 4$aVita cristiana.$0(OLS)http://semarc/subject/4445 650 4$aGiussani, Luigi - Scritti e discorsi.$0(OLS)http://semarc/subject/9472 700 1 $aCarrón, Julián,$c.$0(OLS)http://semarc/name/3646 830 2$aI libri dello spirito cristiano.$0(OLS)http://semarc/title/9336 830 2$aL'equipe : i libri di Luigi Giussani ;$v3.$0(OLS)http://semarc/title/18994 850 $aSeMil 852 $aSeMil$W1$xVenegono$y1$m2C II 567$j126076$B126076$CSeMilBibl$Z2$F137417 $81 941 1 $a5 961 $aOmaggio: Tettamanzi Card. Dionigi 996 $6020$a978-88-17-02358-0$9(OLS)http://semarc/number/163453 996 $6245$aUomini senza patria :$b1982-1983$9(OLS)http://semarc/title/251323 996 $6260$aMilano :$bBiblioteca Universale Rizzoli$9(OLS)http://semarc/publisher/31907 LEADER 01065nam a2200253 i 4500 001 000000079823 003 CaOOAMICUS 005 20170529000000.0 008 170529s2004 xx u000 u eng u 013 $a52061 020 $a0-86278-749-I 040 $aSeMil$bita 100 1 $aOtto Simms, George.$0(OLS)http://semarc/name/91297 245 10$aSaint Patrick :$bIreland's Patron Saint /$cGeorge Otto Simms ; Drawings David Rooney. 260 $aDublin :$bThe O'brien Press,$c2004. 300 $a96 p., [4] c. di tav. :$bill. ;$c22 cm. 650 4$aPatrizio .$0(OLS)http://semarc/subject/41138 700 1 $aRooney, David.$0(OLS)http://semarc/name/91298 850 $aSeMil 852 $aSeMil$W1$xVenegono$y1$m3H III 364$j45452$B45452$CSeMilBibl$Z2$F47420 $81 961 $aLascito: Coronelli don Renato 996 $6020$a0-86278-749-I$9(OLS)http://semarc/number/270632 996 $6245$aSaint Patrick :$bIreland's Patron Saint$9(OLS)http://semarc/title/403664 996 $6260$aDublin :$bThe O'brien Press$9(OLS)http://semarc/publisher/56462